Violence and democracy
Saved in:
| Main Author: | |
|---|---|
| Format: | Book |
| Language: | English |
| Published: |
Cambridge :
cambidge University Press,
2004
|
| Series: | Contemporary political theory
|
| Subjects: | |
| Tags: |
Add Tag
No Tags, Be the first to tag this record!
|
MARC
| LEADER | 00000nam a2200000 i 4500 | ||
|---|---|---|---|
| 001 | 1/66753 | ||
| 008 | 041124s2004 eng d | ||
| 020 | |a 0-521-54544-7 | ||
| 035 | |l 10075455 | ||
| 040 | |a GR-MY-UA |b gre |e aacr | ||
| 041 | 0 | |a eng | |
| 082 | 0 | |a 303.6 | |
| 100 | 1 | |a Keane, John |d 1949- | |
| 245 | 1 | 0 | |a Violence and democracy / |c John Keane |
| 260 | |a Cambridge : |b cambidge University Press, |c 2004 | ||
| 300 | |a 218 p. | ||
| 490 | 1 | |a Contemporary political theory | |
| 504 | |a Includes bibliographical references and index | ||
| 650 | 0 | 0 | |a Violence. |
| 650 | 0 | 0 | |a Democracy. |
| 830 | 0 | |a Contemporary political theory | |
| 852 | |a INST |b RHODES |e 20041124 |h 303.6 KEA |p 005400018202 |q 005400018202 |t BK |y 0 | ||
| 901 | |a BIBL4-2004-3 | ||
| 909 | |a Ρ |b 110151 | ||
| 920 | |a ΕΡΓΑΣΤΗΡΙΟ ΜΕΣΟΓΕΙΑΚΗΣ ΠΟΛΙΤΙΚΗΣ |b ΕΠΕΑΕΚ-ΤΜΣ |y ΡΟΔΟΣ |z 2004-11 | ||
| 970 | |z 2004/11/24 | ||